00420nam a2200109Ia 4500008004100000020001800041100003400059245012400093260003900217650001300256856004100269171212s9999 xx 000 0 und d a9781925261080 aAnderson, Kym;Aryal, Nanda R. cAnderson, Kym;Aryal, Nanda R.aGrowth and Cycles in Australia’s Wine IndustrybA Statistical Compendium, 1843 to 2013 bUniversity of Adelaide Pressc2015 aBusiness uhttp://jstor.org/stable/j.ctt1sq5w52